| 000 | 00948nam a2200265 i 4500 | ||
|---|---|---|---|
| 001 | 93509 | ||
| 003 | ES-MaACL | ||
| 005 | 20250905162411.0 | ||
| 007 | t| | ||
| 008 | 050601s2005 sp ||||1| spa d | ||
| 020 | _a84-9742-393-3 | ||
| 080 | _a325.25-054.7(=1.460:72) | ||
| 080 | _a929 Cárdenas, Lázaro | ||
| 080 | _a929 Prieto, Indalecio | ||
| 100 | 1 |
_aMateos López, Abdón. _978987 |
|
| 245 | 1 | 0 |
_aDe la guerra civil al exilio _b: los republicanos españoles y México : Indalecio Prieto y Lázaro Cárdenas / _cAbdón Mateos. |
| 260 |
_aMadrid : _bBiblioteca Nueva : _bFundación Indalecio Prieto, _c[2005] |
||
| 300 |
_a268 p. : _bil. ; _c21 cm. |
||
| 600 | 1 | 7 |
_aCárdenas, Lázaro, _d1895-1970 _2 _9153837 |
| 600 | 1 | 4 |
_aPrieto, Indalecio, _d1883-1962 _993889 |
| 650 | 1 | 4 |
_aExiliados españoles- _zMéxico. _912674 |
| 710 | 2 |
_aFundación Indalecio Prieto _94324 |
|
| 852 |
_aES-MaACL _jL-29142 |
||
| 999 |
_c93509 _d93509 |
||